European social law

Gespeichert in:
Bibliographische Detailangaben
1. Verfasser: Burrows, Noreen
Weitere Verfasser: Mair, Jane
Format: Buch
Sprache:Englisch
Veröffentlicht: Chichester John Wiley & Sons 1996
Schriftenreihe:European law series
Schlagworte:
Tags: Tag hinzufügen
Keine Tags, Fügen Sie das erste Tag hinzu!

MARC

LEADER 00000nam$a2200000$$$4500
001 0022132
005 20221207103806.9
020 |a 0-471-96537-5 
041 0 |a eng 
044 |a GB 
245 1 0 |a European social law  |c Noreen Burrows and Jane Mair 
264 1 |a Chichester  |b John Wiley & Sons  |c 1996 
300 |a 451 s. 
490 1 |a European law series 
830 0 |a European law series 
610 2 0 |a právo sociálne 
610 2 0 |a právo medzinárodné 
610 2 0 |a Európa 
610 2 0 |a harmonizácia 
610 2 0 |a legislatíva 
610 2 0 |a Spojené kráľovstvo 
100 1 |a Burrows, Noreen 
700 1 |a Mair, Jane